Griegos y romanos en la primera república colombiana: la antiguedad clásica en el pensamiento emancipador neogranadino (1810-1816) (Record no. 14663)

MARC details
000 -LEADER
campo de control de longitud fija 00514nam a2200145Ia 4500
008 - DATOS DE LONGITUD FIJA--INFORMACIÓN GENERAL
campo de control de longitud fija 231129s2007||||xx |||||||||||||| ||spa||
020 ## - NÚMERO INTERNACIONAL ESTÁNDAR DEL LIBRO
Número Internacional Estándar del Libro 958-8040-47-9
040 ## - FUENTE DE CATALOGACIÓN
Lengua de catalogación spa
082 ## - NÚMERO DE LA CLASIFICACIÓN DECIMAL DEWEY
Número de clasificación 986.103 M723g
100 ## - ENTRADA PRINCIPAL--NOMBRE DE PERSONA
Nombre de persona Molino Garcí­a Ricardo del
245 #0 - MENCIÓN DEL TÍTULO
Título Griegos y romanos en la primera república colombiana: la antiguedad clásica en el pensamiento emancipador neogranadino (1810-1816)
260 ## - PUBLICACIÓN, DISTRIBUCIÓN, ETC.
Fecha de publicación, distribución, etc. 2007
264 ## - PRODUCCIÓN, PUBLICACIÓN, DISTRIBUCIÓN, FABRICACIÓN Y COPYRIGHT
Producción, publicación, distribución, fabricación y copyright Academia Colombiana de Historia
942 ## - ELEMENTOS DE ENTRADA SECUNDARIOS (KOHA)
Fuente del sistema de clasificación o colocación Clasificación Decimal Dewey
Tipo de ítem Koha
Holdings
Estatus retirado Estado de pérdida Fuente del sistema de clasificación o colocación Estado de daño No para préstamo Biblioteca de origen Biblioteca actual Fecha de adquisición Total de préstamos Signatura topográfica completa Código de barras Visto por última vez Copia número Precio de reemplazo Tipo de ítem Koha
    Clasificación Decimal Dewey     BIBLIOTECA PÚBLICA MUNICIPAL RAMON CORREA MEJIA BIBLIOTECA PÚBLICA MUNICIPAL RAMON CORREA MEJIA 06/08/2014   986.103 M723g 33872 29/11/2023 1 29/11/2023 Libros

Powered by Koha